Woher kommt der Musiker? - Statistiken

Allgemein
  • Dieses Quiz wurde 72 mal gespielt
  • Das Durchschnittsergebnis liegt bei 10 aus 19
Antwortstatistiken
Hint Antwort % Korrekt
Gigi D’Agostino Italien
88%
DJ BoBo Schweiz
78%
Enrique Iglesias Spanien
78%
Shakira Kolumbien
74%
Billie Eilish Vereinigte Staaten
74%
Zara Larsson Schweden
71%
Psy Südkorea
68%
Rihanna Barbados
63%
David Guetta Frankreich
60%
Stromae Belgien
54%
Tate McRae Kanada
38%
Sia Australien
35%
Lorde Neuseeland
34%
Sean Paul Jamaika
26%
Charli xcx Vereinigtes Königreich
26%
Tiësto Niederlande
23%
Hozier Irland
22%
Alan Walker Norwegen
22%
Luis Fonsi Puerto Rico
18%
Keine übereinstimmenden Quizze gefunden
Verteilung der Resultate
Anzahl Personen mit jedem Resultat
Perzentil nach korrekt beantworteten Fragen
Ihre Resultats-Entwicklung
Sie haben dieses Quiz noch nicht gespielt